| 000 | 00743nam a2200229Ia 4500 | ||
|---|---|---|---|
| 003 | OSt | ||
| 005 | 20251014111514.0 | ||
| 008 | 210716s2016 xx 000 0 und d | ||
| 020 | _a9781786460097 | ||
| 040 | _cAIMIT LIBRARY | ||
| 041 | _aeng | ||
| 082 |
_a005.76812 _21 _bZHAJ |
||
| 100 |
_aZhang, Jenny. _9242050 |
||
| 245 |
_aTableau 10.0 best practices : _bdevelop a deep understanding of tableau 10.0 and get to know tricks to understand your data / _cBy Jenny Zhang. |
||
| 250 | _a1st ed. | ||
| 260 |
_aMumbai : _bPackt Publishing Ltd , _c2016. |
||
| 300 |
_av,283p. ; _bPB _c24 cm |
||
| 650 |
_aData blending _9242051 |
||
| 650 |
_aSort and filter _9242052 |
||
| 650 |
_aPermission _9242053 |
||
| 942 |
_2ddc _cBK _e1st _k005.76812 ZHAJ |
||
| 999 |
_c196764 _d196764 |
||